Statistics for Call of Duty: Modern Warfare 3

Click here to take the quiz!

General Stats

  • This quiz has been taken 15 times
  • The average score is 78 of 160

Answer Stats

HintAnswer% Correct
SniperBarrett .50cal
100%
SMGMP7
100%
Free MapTerminal
100%
Assault StreakAC-130
86%
Assault RifleAK-47
86%
Assault StreakCare Package
86%
Assault RifleCM901
86%
HandgunDesert Eagle
86%
MapDome
86%
Support StreakEMP
86%
MapFallen
86%
TacticalFlashbang
86%
Assault RifleG36C
86%
Assault RifleM4A1
86%
MapMission
86%
SMGMP5
86%
Machine PistolMP9
86%
SniperMSR
86%
SMGP90
86%
LauncherRPG-7
86%
Tier 1 PerkScavenger
86%
LethalSemtex
86%
ShotgunSPAS-12
86%
LethalThrowing Knife
86%
Assault Streak | Support StreakUAV
86%
SMGUMP45
86%
Handgun.44 Magnum
71%
ShotgunAA-12
71%
Assault RifleACR 6.8
71%
Assault StreakAttack Helicopter
71%
LethalC4
71%
LethalClaymore
71%
SniperDragunov
71%
HandgunFive Seven
71%
Machine PistolFMG9
71%
LethalFrag
71%
Assault StreakJuggernaut
71%
ShotgunModel 1887
71%
Assault RifleSCAR-L
71%
MapSeatown
71%
Assault StreakSentry Gun
71%
LauncherSMAW
71%
TacticalSmoke Grenade
71%
Support StreakStealth Bomber
71%
ShotgunStriker
71%
Assault RifleType 95
71%
MapUnderground
71%
ShotgunUSAS 12
71%
HandgunUSP .45
71%
MapArkaden
57%
SniperAS50
57%
MapBakaara
57%
LethalBouncing Betty
57%
Assault RifleFAD
57%
Machine PistolG18
57%
MapHardhat
57%
LauncherJavelin
57%
ShotgunKSG 12
57%
SniperL118A
57%
LMGL86 LSW
57%
Assault RifleM16A4
57%
LMGM60E4
57%
LMGMG36
57%
Assault RifleMK14
57%
Hidden StreakM.O.A.B.
57%
HandgunMP412
57%
Assault StreakOsprey Gunner
57%
Assault StreakPave Low
57%
LMGPKP Pecheneg
57%
SMGPM-9
57%
SMGPP90M1
57%
Assault StreakPrecision Airstrike
57%
Assault StreakPredator Missile
57%
SpecialRiot Shield
57%
SniperRSASS
57%
Machine PistolSkorpion
57%
TacticalTactical Insertion
57%
MapVillage
57%
LauncherXM25
57%
Support StreakAdvanced UAV
43%
Faceoff Map | Free MapAground
43%
Tier 2 PerkAssassin
43%
MapCarbon
43%
Support StreakCounter-UAV
43%
MapDownturn
43%
TacticalEMP Grenade
43%
Faceoff Map | Free MapErosion
43%
MapInterchange
43%
MapLockdown
43%
DeathstreakMartyrdom
43%
LMGMK46
43%
MapOutpost
43%
Tier 2 PerkOverkill
43%
HandgunP99
43%
TacticalPortable Radar
43%
Assault StreakReaper
43%
MapResistance
43%
Tier 1 PerkSleight of Hand
43%
LauncherStinger
43%
Assault StreakStrafe Run
43%
Assault StreakAH-6 Overwatch
29%
Tier 2 PerkBlast Shield
29%
Tier 1 PerkBlind Eye
29%
DeathstreakDead Man's Hand
29%
Tier 3 PerkDead Silence
29%
DeathstreakFinal Stand
29%
Tier 2 PerkHardline
29%
DeathstreakJuiced
29%
LauncherM320 GLM
29%
Map (DLC)Oasis
29%
Map (DLC)Piazza
29%
Tier 2 PerkQuickdraw
29%
Support StreakSAM Turret
29%
TacticalScrambler
29%
Tier 3 PerkSitRep
29%
Tier 3 PerkStalker
29%
Tier 3 PerkSteady Aim
29%
TacticalTrophy System
29%
Support StreakAirdrop Trap
14%
Specialist StreakAll Perks
14%
Assault StreakAssault Drone
14%
Support StreakBallistic Vests
14%
Map (DLC)Black Box
14%
Map (DLC)Boardwalk
14%
MapBootleg
14%
TacticalConcussion Grenade
14%
Map (DLC)Decommission
14%
Support StreakEscort Airdrop
14%
Tier 1 PerkExtreme Conditioning
14%
Specialist StreakFifth Perk
14%
Map (DLC)Foundation
14%
Specialist StreakFourth Perk
14%
Faceoff Map | Map (DLC)Getaway
14%
Map (DLC)Gulch
14%
DeathstreakHollow Points
14%
Assault StreakI.M.S.
14%
Faceoff Map | Map (DLC)Intersection
14%
Support StreakJuggernaut Recon
14%
Map (DLC)Liberation
14%
Faceoff Map | Map (DLC)Lookout
14%
Tier 3 PerkMarksman
14%
Map (DLC)Off Shore
14%
Map (DLC)Overwatch
14%
Map (DLC)Parish
14%
Tier 1 PerkRecon
14%
Support StreakRecon Drone
14%
Support StreakRemote Turret
14%
DeathstreakRevenge
14%
Map (DLC)Sanctuary
14%
Specialist StreakSixth Perk
14%
Faceoff Map | Map (DLC)U-Turn
14%
Faceoff Map | Map (DLC)Vortex
14%

Score Distribution

Percentile by Number Answered

Percent of People with Each Score

Your Score History

You have not taken this quiz